LIBRARY & INFORMATION CENTRE, KCAET, TAVANUR

ONLINE PUBLIC ACCESS CATALOGUE (OPAC)

Groundwater in Geologic Processes (Record no. 14415)

MARC details
000 -LEADER
fixed length control field 00408nam a22001577a 4500
020 ## - INTERNATIONAL STANDARD BOOK NUMBER
ISBN 9780521603218
082 ## - DEWEY DECIMAL CLASSIFICATION NUMBER
Classification number 55.49
Item number ING/GR
100 ## - MAIN ENTRY--AUTHOR NAME
Personal name Ingebritsen,Steven E.
100 ## - MAIN ENTRY--AUTHOR NAME
Personal name Sanford,Ward E.
100 ## - MAIN ENTRY--AUTHOR NAME
Personal name Neuzil,Christopher E.
245 ## - TITLE STATEMENT
Title Groundwater in Geologic Processes
250 ## - EDITION STATEMENT
Edition statement 2 nd
260 ## - PUBLICATION, DISTRIBUTION, ETC. (IMPRINT)
Place of publication New York
Name of publisher Cambridge University Press
Year of publication 2006
300 ## - PHYSICAL DESCRIPTION
Number of Pages 536
942 ## - ADDED ENTRY ELEMENTS (KOHA)
Koha item type Books
Holdings
Withdrawn status Lost status Damaged status Collection code Home library Current library Shelving location Date acquired Source of acquisition Cost, normal purchase price Full call number Accession Number Koha item type
        KAUAET KAUAET General Stacks 29/06/2016 Ajith Book Stall, Cochin 5245.10 55.49 ING/GR 23813 Books
free website counter